000 00562cam a2200193 4500500
005 20260329004721.0
041 _afre
042 _adc
100 1 0 _aN’Diaye, Aïda
_eauthor
245 0 0 _aUne histoire universelle des ruines
260 _c2020.
500 _a43
690 _aHistoire
690 _aOccident
690 _aRuine
690 _aTemps
786 0 _nPhilosophie magazine | 145 | 1 | 2020-12-01 | p. 78-78 | 1951-1787
856 4 1 _uhttps://shs.cairn.info/magazine-philosophie-magazine-2020-12-1-page-78?lang=fr&redirect-ssocas=7080
999 _c1836579
_d1836579